000 01193cam a22003497a 4500
003 CHAP
005 20220329142345.0
008 000920d1999 mx r 00110 esp d
010 _a82287
011 _a83259
020 _a968856706X
035 _a93770
040 _cCHAP
082 0 4 _a338.972
_bC32
100 0 0 _aCabello, Alejandra.
_916616
245 1 0 _aGlobalización y liberalización financieras y la bolsa mexicana de valores :
_bdel auge a la crisis
_c/por Alejandra Cabello
260 _aMéxico, D. F. :
_bPlaza y Valdés,
_c1999.
300 _a379 p. :
_bilus. : gráfs.
590 _aBATCH-UPD
_b10
_c20130110
_lUCH01
_h1237
590 _aBATCH-UPD
_b10
_c20130410
_lUCH01
_h0804
590 _aBATCH-UPD
_b10
_c20130914
_lUCH01
_h0655
590 _aCONVERSION
_b10
_c20130109
_lUCH01
_h1346
650 1 4 _aBolsa de valores
_xMéxico.
_913597
650 1 4 _aCrisis económica.
_928975
650 1 4 _aFinanzas
_xMéxico.
_940943
650 1 4 _aGlobalización.
_948300
650 1 4 _aPolítica económica
_zMéxico.
_990535
901 _aBK
905 _aLilia Sánchez G.
942 _cLIBRO
949 _a338.972 C32
_bBC
_cLIBRO
_d33724000806741
_eLIBRO
_gI.206454
_h98804
_i93770
_si
_t$172.00
999 _c82287
_d82287